| 000 | 01269nam a2200349 i 4500 | ||
|---|---|---|---|
| 001 | 000009482 | ||
| 003 | DO-SdBNP | ||
| 005 | 20260303102820.0 | ||
| 007 | ta | ||
| 008 | 090930s2008 dr ac r 000 0 spa d | ||
| 040 |
_aDO-SdBNP _bspa _cBNPHU _erda |
||
| 041 | _aspa | ||
| 082 | 4 |
_a364.1 _bG216c _222 |
|
| 100 | 1 |
_aGarcía B. , Publio Antonio, _eautor _4aut. _924288 |
|
| 245 | 1 | 3 |
_aEl crimen y la violencia en la República Dominicana / _cPublio Antonio García B. |
| 264 | 1 |
_aSantiago, República Dominicana : _bLuger, _c2008. |
|
| 300 |
_a156 páginas : _bilustraciones, retratos ; _c19 cm. |
||
| 336 |
_atexto _btxt _2rdacontent |
||
| 337 |
_asin mediación _bn _2rdamedia |
||
| 338 |
_avolumen _bnc _2rdacarrier |
||
| 504 | _aBibliografía : páginas 152-155 | ||
| 590 | _aLa biblioteca posee 2 ejemplares autográfiados por el autor | ||
| 590 | _aInventariado, 2018/BT | ||
| 650 | 4 |
_aCrimen organizado _922377 |
|
| 650 | 4 |
_aControl de drogas y narcóticos _924289 |
|
| 650 | 4 |
_aViolencia y narcotráfico _924290 |
|
| 650 | 7 |
_aCriminología _zRepública Dominicana _2LIBRUNAM _917089 |
|
| 650 | 4 |
_aViolencia familiar _91474 |
|
| 651 | 4 |
_aRepública Dominicana _xCondiciones sociales _946 |
|
| 910 | _aValidado. Control de calidad. MMOLINA | ||
| 942 |
_2ddc _cMTLS |
||
| 999 |
_c9242 _d9242 |
||